=LDR 00000nam 2200000 4500 =001 INLIS000000000023693 =990 ##$$a 00051664 =005 20130612122331 =990 ##$$a 5847/LTPS/89 =008 ***********************************ind** =990 ##$$a 00050171 =035 ##$$0010-061300000023693 =041 ##$$a ind =082 ##$$a 812 =090 ##$$a 812, San j =100 ##$$a Sani, Asrul =245 ##$$a Jenderal naga bonar, Asrul Sani =260 ##$$a 1988 $b Jakarta =300 ##$$a 151 hlm, ilus, 21 cm =650 ##$$a Cerita Drama =850 ##$$a NBPNMAT